|
|
|
|
| LEADER |
00665cam a2200193 a 4500 |
| 001 |
0000077618 |
| 005 |
20251027090000.0 |
| 040 |
|
|
|a mod
|
| 041 |
|
|
|a eng
|
| 020 |
|
|
|a 0781739217 (pbk.)
|
| 090 |
0 |
0 |
|a 616.1207547
|b GRE
|c f
|e 2003
|
| 100 |
1 |
|
|a Green, Jacqueline M.
|
| 245 |
1 |
0 |
|a 12-lead EKG confidence
|b step-by-step to mastery
|c Jacqueline M. Green, Anthony J. Chiaramida
|
| 260 |
|
|
|a Philadelphia
|b Lippincott Williams & Wilkins
|c 2003
|
| 300 |
|
|
|a xvii, 435 p.
|b ill.
|c 28 cm
|
| 500 |
|
|
|a Includes index
|
| 650 |
0 |
0 |
|a Electrocardiography
|x methods
|x Programmed Instruction
|
| 700 |
1 |
|
|a Chiaramida, Anthony J.
|
| 999 |
|
|
|a 0232878
|b INSAN
|d BOOKS
|e Umum
|f INSAN
|j AVAILABLE
|q GOOD CONDITION
|